Malezas argentinas /
Guardado en:
| Autor Principal: | |
|---|---|
| Formato: | Libro |
| Idioma: | Spanish |
| Publicado: |
Buenos Aires :
el autor,
2005.
|
| Acceso en línea: | Índice |
| Etiquetas: |
Agregar Etiqueta
Sin Etiquetas, Sea el primero en etiquetar este registro!
|
| LEADER | 00548nam a22001575a 4500 | ||
|---|---|---|---|
| 001 | EEA.libagro007996 | ||
| 005 | 20171017124102.0 | ||
| 008 | 130809s2005####ag#a##########000#0#spa#d | ||
| 020 | |a 9874382953 | ||
| 082 | 0 | 4 | |a 632.58982 |
| 100 | 1 | |a Molina, Aníbal R. | |
| 245 | 1 | 0 | |a Malezas argentinas / |c Aníbal R. Molina. |
| 260 | |a Buenos Aires : |b el autor, |c 2005. | ||
| 300 | |a 96 p. : |b fot. col. ; |c 23 cm. | ||
| 856 | |u http://anibalmolina.com.ar/images/pdf-libros/Malezas-argentinas-tomo-1.pdf |3 Índice | ||
| 859 | |a AR-BbBCA |b BIB. AGRONOMIA |h 632.58982 |i M722 1 |p 2008/5385 | ||
